Gaming Quiz

Random Gaming or Quote Quiz

Street Fighter II Win Quotes Quiz Stats

 Plays Quiz not verified by Sporcle

Score 0/12 Timer 02:00
0 Plays Today
Quote Character % Correct
'You must defeat my Dragon Punch to stand a chance!'Ryu
97.4%
'I am the strongest woman in the world!'Chun-Li
97%
'Get lose! You cannot compare with my powers!'M. Bison
96.7%
'Attack me if you dare, I will crush you!'Ken
96.4%
'Handsome fighters never lose battles.'Vega
95.1%
'Are you man enough to fight with me?'Guile
93.9%
'I will meditate and then destroy you!'Dhalsim
93.2%
'Get up you wimp!'Balrog
92%
'You're not a warrior, you're a beginner!'Sagat
92%
'Seeing you in action is a joke!'Blanka
90.3%
'My strength is greater than yours.'Zangief
89.2%
'Can't you do better than that?'E. Honda
87.8%

You're not logged in!

Compare scores with friends on all Sporcle quizzes.
OR
Log In

Show Comments

Extras

Top Quizzes Today


Score Distribution

Your Account Isn't Verified!

In order to create a playlist on Sporcle, you need to verify the email address you used during registration. Go to your Sporcle Settings to finish the process.

Report this User

Report this user for behavior that violates our Community Guidelines.

Details: